000 00658nam a22001937a 4500
999 _c165541
_d165541
005 20190621145532.0
010 _aENG-125704
020 _a9780199489893
_c995.00
035 _aEN-109236
037 _bDBAD/PUB
082 _a303.695
100 _aJacob, Happymon
245 _aLine on fire :
_cHappymon Jacob
_bceasefire violations and India-Pakistan escalation dynamics /
260 _aNew Delhi
_bOxford university press
_c2018
270 _a2/11, Ground Floor, Ansai Road, Daryaganj
_bNew Delhi
_e110002
300 _axx,401p.
_c22cm(Hb)
500 _aIncludes bibliographical references and index
942 _2ddc
_cEN
_h303.695
_mLIN